Obchod s emisiami a možnosti jeho využitia slovenskými podnikmi
Globálne problémy ľudstva - problematika znečisťovania životného prostredia. Globálne otepľovanie, skleníkový efekt. Rámcový dohovor OSN o klimatickej zmene - medzinárodný právny nástroj na riešenie týchto problémov. Obchodovanie s emisiami/s emisnými kvótami. Využitie medzinárodného obchodovania s...
Salvato in:
| Autore principale: | |
|---|---|
| Natura: | Capitolo di libro |
| Lingua: | slovacco |
| Soggetti: | |
| Tags: |
Nessun Tag, puoi essere il primo ad aggiungerne!!
|
MARC
| LEADER | 00000naa$a2200000$$$4500 | ||
|---|---|---|---|
| 001 | 0041547 | ||
| 005 | 20240502071511.4 | ||
| 041 | 0 | |a slo | |
| 044 | |a SK | ||
| 245 | 1 | 0 | |a Obchod s emisiami a možnosti jeho využitia slovenskými podnikmi |c Tomáš Ďuriš |
| 520 | |a Globálne problémy ľudstva - problematika znečisťovania životného prostredia. Globálne otepľovanie, skleníkový efekt. Rámcový dohovor OSN o klimatickej zmene - medzinárodný právny nástroj na riešenie týchto problémov. Obchodovanie s emisiami/s emisnými kvótami. Využitie medzinárodného obchodovania s emisiami môže prispieť k prílevu financií zo zahraničia a k prenikaniu nových technológií do nášho priemyslu. Situácia na Slovensku. | ||
| 610 | 2 | 0 | |a ochrana prostredia životného |
| 610 | 2 | 0 | |a emisie |
| 610 | 2 | 0 | |a kvóty |
| 610 | 2 | 0 | |a obchod medzinárodný |
| 610 | 2 | 0 | |a investície zo zahraničia |
| 610 | 2 | 0 | |a technológie nové |
| 610 | 2 | 0 | |a Slovensko |
| 100 | 1 | |a Ďuriš, Tomáš | |